000 00993nam a22003257a 4500
001 BR2013000941
003 BR-BrBNA
005 20230928104124.0
007 ta
008 230509b bl.||||| |||| 00| 0 por d
040 _aBR-BrBNA
_bpor
_cBiblioteca Nacional de Agricultura
041 _a(Por)
072 _aE14
_b0180
090 _ 0180 BR2013000941
110 1 _aCooperativa Agropecuária e Industrial, Ijuí, RS (Brasil)
_92805
110 1 _aEmpresa de Assistência Técnica e Extensão Rural, Ijuí, RS (Brasil)
111 1 _a6. Fórum Nacional do Trigo 2011
_cIjuí, RS (Brazil)
_d16-17 May 2011
245 1 _a6. Fórum nacional do trigo 2011
260 3 _aIjuí, RS (Brasil):
_c2011.
300 _a13 p.
500 _a10 illus
650 _aPRODUÇÃO AGRÍCOLA
650 _aSEGURANÇA ALIMENTAR
650 _aDESENVOLVIMENTO SUSTENTÁVEL
650 _aEXPORTAÇÃO
650 _aPREÇO
650 _aCUSTO
909 _a202309
_bLucia
_c55
_dLucia Elande
942 _cBK
999 _c78236
_d78236